000 00447nam a2200181 a 4500
001 28450
005 20180713231333.0
008 140415s2001 mx 000 0 spa d
020 _a9706860371
041 _aspa
082 _a657.04
_bNIK
100 1 _aA. NIKOLA, LOREN
245 1 0 _aCONTABILIDAD INTERMEDIA
250 _a8° EDICIÓN
260 _aMEXICO :
_bMC GRAW HILL,
_c2001
520 _aCG
650 1 4 _aCONTABILIDAD
999 _c28450
_d28450